[Event "73rd Tata Steel GMB"]
[Site "Wijk aan Zee NED"]
[Date "2011.01.21"]
[Round "6"]
[White "Tkachiev, V."]
[Black "Sargissian, G."]
[Result "1/2-1/2"]
[WhiteElo "2636"]
[BlackElo "2667"]
[PlyCount "90"]
[EventDate "2011.01.14"]

1. d4 Nf6 2. c4 e6 3. Nc3 Bb4 4. e3 O-O 5. Bd3 d5 6. Nge2 c5 7. cxd5 cxd4 8.
exd4 Nxd5 9. O-O Nc6 10. Nxd5 exd5 11. Nf4 Bd6 12. Re1 Qh4 13. g3 Qg4 14. Be2
Qf5 15. Be3 Bxf4 16. Bxf4 Be6 17. Bd3 Qg4 18. f3 Qh5 19. Be3 Rac8 20. Rc1 Rfe8
21. Rc3 Bd7 22. h4 Re7 23. Kg2 f6 24. Bf2 Rxe1 25. Qxe1 Qf7 26. Qb1 g6 27. b4
Ne7 28. Qc1 Rxc3 29. Qxc3 a6 30. Qc5 Nc8 31. g4 h5 32. gxh5 gxh5 33. Bg3 Ne7
34. Qc7 Nc6 35. Qb6 Qe7 36. a3 Be8 37. Kf2 Kg7 38. Bc7 f5 39. Bg3 f4 40. Bxf4
Qxh4+ 41. Bg3 Qe7 42. b5 axb5 43. Bxb5 Kg8 44. Bxc6 Bxc6 45. Qb1 Qg5 1/2-1/2

[Event "73rd Tata Steel GMB"]
[Site "Wijk aan Zee NED"]
[Date "2011.01.21"]
[Round "6"]
[White "Spoelman, W."]
[Black "Efimenko, Z."]
[Result "0-1"]
[WhiteElo "2547"]
[BlackElo "2701"]
[PlyCount "74"]
[EventDate "2011.01.14"]

1. d4 Nf6 2. c4 e6 3. Nc3 Bb4 4. f3 c5 5. d5 O-O 6. e4 Re8 7. Nge2 d6 8. Bf4
exd5 9. cxd5 Nh5 10. Qd2 Nxf4 11. Nxf4 Nd7 12. Be2 Ne5 13. O-O Qg5 14. Rfd1 c4
15. Kh1 Bd7 16. Bf1 Rac8 17. a3 Bc5 18. Nfe2 Nd3 19. h3 Be3 20. Qc2 Nf2+ 21.
Kh2 Nxd1 22. Rxd1 f5 23. Kh1 f4 24. Rb1 Qe5 25. b3 cxb3 26. Qxb3 Bb6 27. Na2
Qf6 28. Nac1 Rc7 29. Nd3 Be3 30. e5 Rxe5 31. Nxe5 Qxe5 32. Re1 g5 33. g4 b6 34.
Rd1 Rc5 35. Kg2 Be8 36. Qd3 Ba4 37. Re1 b5 0-1